|
|
|
|
| LEADER |
00000nab a2200000 ar4500 |
| 001 |
vtls009953594 |
| 003 |
SK-MaSNL |
| 005 |
20260303050156.0 |
| 008 |
090925c2009 xo |r|p|||||||000 b|slo |
| 015 |
|
|
|a SNBRB2009/09
|2 snkbucl
|
| 038 |
|
|
|a SNKBUCL
|
| 040 |
|
|
|a SNKBUCL
|b slo
|c SNKBUCL
|e AACR2
|
| 041 |
0 |
|
|a slo
|
| 044 |
|
|
|a xo
|c SK
|
| 080 |
|
|
|a 7.097-051
|2 2001
|
| 080 |
|
|
|a 821.162.4:929
|2 2001
|
| 080 |
|
|
|a 82:929:821.162.4
|2 2001
|
| 080 |
|
|
|a 929 Králik, Ivan
|2 2001
|
| 245 |
0 |
0 |
|a Ivan Králik
|
| 500 |
|
|
|a V rubrike Opustili nás
|
| 600 |
1 |
7 |
|a Králik, Ivan,
|d 1937-2009
|2 snkbucl
|9 223490
|
| 655 |
|
7 |
|a nekrológy
|2 snkbucl
|9 402542
|
| 773 |
0 |
|
|t Knižná revue
|g Roč. XIX, č. 18 (2009), s. 11
|x 1210-1982
|
| 852 |
|
|
|a SNK
|b KIS3GCP
|
| 958 |
|
|
|a LX
|
| 958 |
|
|
|a SK
|
| 958 |
|
|
|a BX
|
| 999 |
|
|
|c 1706449
|d 1708379
|